Logo BPK

Biblioteka

Politechniki Koszalińskiej

Here is the news. (Rekord nr 35273)

Szczegóły MARC
000 -ETYKIETA REKORDU
podpole kontrolne o stałej długości 01227nim a2200313 i 4500
001 - NUMER KONTROLNY REKORDU
pole kontrolne bg
040 ## - ŹRÓDŁO KATALOGOWANIA
Instytucja, która utworzyła rekord BPK
041 0# - KOD JĘZYKA
Kod języka tekstu eng
080 ## - UNIWERSALNA KLASYFIKACJA DZIESIĘTNA - UKD
UKD 811.111(07):659.3](086.742)
008 - POLE O STAŁEJ DŁUGOŚCI - DANE KONTROLNE
podpole kontrolne o stałej długości s pl f |000 0 pol
100 1# - NAZWA OSOBOWA
Nazwa osobowa OTTO, Barbara.
245 10 - TYTUŁ/ODPOWIEDZIALNOŚĆ
Tytuł Here is the news.
Oznaczenie części/sekcji dzieła P. 1 /
Pozostałe elementy strefy tytułu i oznaczenia odpowiedzialności Barbara & Marcin Otto ; w nagraniu udził wzięli John Anderson, Yvonne Kukiello, Steve Lee.
260 ## - STREFA ADRESU WYDAWNICZEGO
Miejsce wydania Warszawa :
Nazwa wydawcy/dystrybutora Wydawnictwa Szkolne i Pedagogiczne,
Data publikacji, dystrybucji/powstania dokumentu 1995.
300 ## - STREFA OPISU FIZYCZNEGO
Objętość 3 kasety dźw. ;
Rozmiary W 87-W 89.
500 ## - UWAGI OGÓLNE
Tekst uwagi Kaseta 1: strona A: news items 1-11 (25,40 min.); strona B: new items 12-21 (23,20 min.).
500 ## - UWAGI OGÓLNE
Tekst uwagi Kaseta 2: strona A: news items 22-33 (29 min.); strona B: new items 34-46 (30 min.).
500 ## - UWAGI OGÓLNE
Tekst uwagi Kaseta 3: strona A: news items 47-59 (28 min.); strona B: new items 60-72 (27 min.).
650 #9 - HASŁO PRZEDMIOTOWE W FORMIE NAZWY OGÓLNEJ LUB JEDNOSTKOWEJ
Nazwa ogólna lub geograficzna Język angielski
650 #9 - HASŁO PRZEDMIOTOWE W FORMIE NAZWY OGÓLNEJ LUB JEDNOSTKOWEJ
Nazwa ogólna lub geograficzna Prasa (wydawnictwa)
Określnik ogólny język
650 #9 - HASŁO PRZEDMIOTOWE W FORMIE NAZWY OGÓLNEJ LUB JEDNOSTKOWEJ
Nazwa ogólna lub geograficzna Publicystyka
Określnik ogólny słownictwo
650 #9 - HASŁO PRZEDMIOTOWE W FORMIE NAZWY OGÓLNEJ LUB JEDNOSTKOWEJ
Nazwa ogólna lub geograficzna Telewizja
Określnik ogólny język
655 ## - TERMIN INDEKSOWY - OKREŚLENIE RODZAJU/FORMY DOKUMENTU
Określenie rodzaju/formy dokumentu Podręczniki
700 1# - HASŁO DODATKOWE - NAZWA OSOBOWA
Nazwa osobowa OTTO, Marcin
700 1# - HASŁO DODATKOWE - NAZWA OSOBOWA
Nazwa osobowa ANDERSON, John M.
Daty związane z nazwą (1941- ).
700 1# - HASŁO DODATKOWE - NAZWA OSOBOWA
Nazwa osobowa KUKIELLO, Yvonne
700 1# - HASŁO DODATKOWE - NAZWA OSOBOWA
Nazwa osobowa LEE, Steve
856 ## - LOKALIZACJA I DOSTĘP DO ELEKTRONICZNYCH DOKUMENTÓW ZDALNYCH
Link (URL) http://koha.tu.koszalin.pl/cgi-bin/koha/opac-detail.pl?biblionumber=35273
Tekst linku Katalog online BPK
942 ## - DODATKOWE ELEMENTY (KOHA)
Typ dokumentu Kaseta magnetofonowa
Egzemplarze
Wycofany Status egzemplarza Uszkodzony Dostępność Lokalizacja stała Lokalizacja bieżąca Miejsce przechowywania Sygnatura Kod kreskowy Typ dokumentu Numer ubytku Status: wypożyczony Ostatnio wypożyczono
      Tylko na miejscu Biblioteka Politechniki Koszalińskiej Biblioteka Politechniki Koszalińskiej Czytelnia Wydziałowa ul. Kwiatkowskiego 6e TM 1203 02163222 Kaseta magnetofonowa      
  Egz. niedostępny   Niedostępny Biblioteka Politechniki Koszalińskiej Biblioteka Politechniki Koszalińskiej   TM 1204 02163215 Kaseta magnetofonowa 851    
      Tylko na miejscu Biblioteka Politechniki Koszalińskiej Biblioteka Politechniki Koszalińskiej Czytelnia Wydziałowa ul. Kwiatkowskiego 6e TM 1205 02163208 Kaseta magnetofonowa   01.12.2026 25.02.2013
© 2023 Biblioteka Politechniki Koszalińskiej :: KOHA